<?xml version="1.0" encoding="UTF-8"?><?xml-stylesheet type="text/xsl" href="static/style.xsl"?><OAI-PMH xmlns="http://www.openarchives.org/OAI/2.0/" xmlns:xsi="http://www.w3.org/2001/XMLSchema-instance" xsi:schemaLocation="http://www.openarchives.org/OAI/2.0/ http://www.openarchives.org/OAI/2.0/OAI-PMH.xsd"><responseDate>2026-04-27T21:44:05Z</responseDate><request verb="GetRecord" identifier="oai:uvadoc.uva.es:10324/48196" metadataPrefix="marc">https://uvadoc.uva.es/oai/request</request><GetRecord><record><header><identifier>oai:uvadoc.uva.es:10324/48196</identifier><datestamp>2021-09-06T07:15:34Z</datestamp><setSpec>com_10324_38</setSpec><setSpec>col_10324_852</setSpec></header><metadata><record xmlns="http://www.loc.gov/MARC21/slim" xmlns:doc="http://www.lyncode.com/xoai" xmlns:xsi="http://www.w3.org/2001/XMLSchema-instance" xmlns:dcterms="http://purl.org/dc/terms/" xsi:schemaLocation="http://www.loc.gov/MARC21/slim http://www.loc.gov/standards/marcxml/schema/MARC21slim.xsd">
<leader>00925njm 22002777a 4500</leader>
<datafield tag="042" ind1=" " ind2=" ">
<subfield code="a">dc</subfield>
</datafield>
<datafield tag="720" ind1=" " ind2=" ">
<subfield code="a">Sol Soblechero, Marta del</subfield>
<subfield code="e">author</subfield>
</datafield>
<datafield tag="260" ind1=" " ind2=" ">
<subfield code="c">2021</subfield>
</datafield>
<datafield tag="520" ind1=" " ind2=" ">
<subfield code="a">A finales de la década de los setenta y durante los años ochenta, en la ciudad de Madrid &#xd;
se vivió una auténtica explosión cultural debido al fin del régimen franquista. Este hito marcó &#xd;
un antes y un después, tal fue su importancia que se implantaron unos nuevos valores en la &#xd;
sociedad que perduran hasta hoy día. Los jóvenes españoles no poseían una identidad y cultura &#xd;
propias a causa de la época conservadora en la que vivieron hasta entonces. Es en este momento &#xd;
en el que comienza a llegar a España la influencia de diversos grupos musicales extranjeros, &#xd;
hecho que contribuye a una mayor libertad que es directamente proporcional al aumento de las &#xd;
actividades de ocio nocturno. &#xd;
A través de este Trabajo de Fin de Grado se analizarán las características propias de la &#xd;
Movida Madrileña, el movimiento contracultural más activo y singular del siglo XX que dio &#xd;
lugar a una estética propia perfectamente identificable.</subfield>
</datafield>
<datafield tag="024" ind2=" " ind1="8">
<subfield code="a">https://uvadoc.uva.es/handle/10324/48196</subfield>
</datafield>
<datafield tag="245" ind1="0" ind2="0">
<subfield code="a">El ambiente cultural de la movida madrileña</subfield>
</datafield>
</record></metadata></record></GetRecord></OAI-PMH>